00328 2200145 4500245003800000250001100038100001800049650001700067005001900084041001400103084001300117300003200130336000900162338001100171 aBlue MiraclecMiko, MitsukihText aCet. 1 aMiko, Mitsuki aKomik Jepang a20230202081225 aIndonesia a741.5592 a... jil. :bilus. ;c17 cm. atext avolume